The women's movement in Pakistan : (Record no. 600474)

000 -LEADER
fixed length control field 00285nam a2200109Ia 4500
008 - FIXED-LENGTH DATA ELEMENTS--GENERAL INFORMATION
fixed length control field 230907s9999||||xx |||||||||||||| ||und||
082 ## - DEWEY DECIMAL CLASSIFICATION NUMBER
Classification number 305.42095491
Author Mark AYE
245 #4 - TITLE STATEMENT
Title The women's movement in Pakistan :
260 ## - PUBLICATION, DISTRIBUTION, ETC.
Place of publication, distribution, etc. I. B. Tauris,
Name of publisher, distributor, etc. New York :
Date of publication, distribution, etc. 2018
300 ## - PHYSICAL DESCRIPTION
Extent 398 p.
942 ## - ADDED ENTRY ELEMENTS (KOHA)
Koha item type Book
Holdings
Withdrawn status Lost status Damaged status Not for loan Permanent Location Current Location Date acquired Total Checkouts Full call number Barcode Date last seen Price effective from Koha item type
        US-Pakistan Center for Advanced Studies in Energy (USPCAS-E) US-Pakistan Center for Advanced Studies in Energy (USPCAS-E) 11/22/2019   305.42095491 AYE CAS-E0004573 09/12/2023 09/12/2023 Book
© 2023 Central Library, National University of Sciences and Technology. All Rights Reserved.